U.S. army alphabet book / (Record no. 5012)

MARC details
000 -LEADER
fixed length control field 00808nam a22002657a 4500
001 - CONTROL NUMBER
control field 5012
003 - CONTROL NUMBER IDENTIFIER
control field FISKH
005 - DATE AND TIME OF LATEST TRANSACTION
control field 20241031151026.0
008 - FIXED-LENGTH DATA ELEMENTS--GENERAL INFORMATION
fixed length control field 241031b cb ||||| |||| 00| 0 eng d
020 ## - INTERNATIONAL STANDARD BOOK NUMBER
International Standard Book Number 9780545630511
040 ## - CATALOGING SOURCE
Original cataloging agency FISKH
Language of cataloging eng
Transcribing agency FISKH
Modifying agency FISKH
050 ## - LIBRARY OF CONGRESS CALL NUMBER
Classification number UA25.G37
082 ## - DEWEY DECIMAL CLASSIFICATION NUMBER
Classification number 355.00973
100 ## - MAIN ENTRY--PERSONAL NAME
Personal name Garnett, Sammie
245 ## - TITLE STATEMENT
Title U.S. army alphabet book /
Statement of responsibility, etc. Sammie Garnett Jerry Pallotta Rob Bolster
250 ## - EDITION STATEMENT
Edition statement First printing in 2014
260 ## - PUBLICATION, DISTRIBUTION, ETC.
Place of publication, distribution, etc. New York :
Name of publisher, distributor, etc. Scholastic,
Date of publication, distribution, etc. 2014.
300 ## - PHYSICAL DESCRIPTION
Extent 26 pages :
Other physical details Color illustrations ;
Dimensions 23 cm
520 ## - SUMMARY, ETC.
Summary, etc. "This alphabet book has something about the US Army for every letter"--
650 ## - SUBJECT ADDED ENTRY--TOPICAL TERM
Source of heading or term Alphabet
Topical term or geographic name entry element Structure
650 ## - SUBJECT ADDED ENTRY--TOPICAL TERM
Source of heading or term Acknowledgments
Topical term or geographic name entry element US Army
700 ## - ADDED ENTRY--PERSONAL NAME
Personal name Bolster, Rob
Dates associated with a name Illustrator
942 ## - ADDED ENTRY ELEMENTS (KOHA)
Source of classification or shelving scheme Dewey Decimal Classification
Koha item type Books
Suppress in OPAC No
Holdings
Withdrawn status Lost status Source of classification or shelving scheme Damaged status Not for loan Collection Home library Current library Shelving location Date acquired Total Checkouts Full call number Barcode Date last seen Copy number Price effective from Koha item type
    Dewey Decimal Classification     Non-Fiction Footprints International School Library Network Toul Kork Campus Footprints International School Library Network Toul Kork Campus A TK Campus, 4th Floor, Room B401, Non-Fiction Bookcases(7-8) 10/31/2024   GAR 355.00973 UA25.G37 FISTK05566 10/31/2024 1 10/31/2024 Books